000
00291nam a2200121Ia 4500
008
191201s2019 xx 000 0 und d
100
_a
ICSI
245
0
_a
Executive Programme General and Commercial Laws
260
_a
N. Delhi
_b
ICSI
_c
29696
300
_a
397
650
_a
MBA
942
_2
ddc
_c
BK
999
_c
490
_d
490